000 00984nam a22002297a 4500
005 20121010141910.0
008 121010t xxu||||| |||| 00| 0 mar d
010 _aMAR-22659
020 _a9788172949501
_c50.00
035 _aMR-15317
037 _bDBAD/PUB
040 _aDPL
_bMR
082 _a523.1
100 _953016
_aगवांदे, पुंडलिक
245 _aअवकाशातील झेप /
_cपुंडलिक गवांदे
246 _aAvakashatil Zap
_bby Pundalik Gavande
260 _aपुणे
_bदिलीपराज प्रकाशन
_c2012
270 _a251 क, शनिवार पेठ
_bपुणे
_e411030
300 _a60पृ.
_c21सेमी(अजिल्द)
942 _2ddc
_cMR
_h523.1
_mगवांदे
999 _c70800
_d70800